| 000 | 00000nas##2200000za#4500 |
| 001 | 9.503430 |
| 003 | CaOODSP |
| 005 | 20231123085002 |
| 007 | cr ||||||||||| |
| 008 | 150406c2005||||xxc|| p o||||f| |0fre|d |
| 040 | |aCaOODSP|bfre |
| 043 | |an-cn--- |
| 086 | 1 |aFR2-3F-PDF |
| 110 | 1 |aCanada. |bAffaires étrangères et commerce international Canada. |
| 245 | 10|aProgramme de partenariat mondial, rapport au Parlement |h[ressource électronique] |
| 260 | |aOttawa - Ontario : |bAffaires étrangères et Commerce international |
| 310 | |aAnnuel |
| 520 | 3 |aDécrit les efforts déployés par le Canada et ses partenaires du G-8 dans le cadre de projets portant sur le désarmement, la non-prolifération, la lutte contre le terrorisme et la sûreté nucléaire. |
| 691 | 07|aCoopération internationale|2gcpds |
| 775 | 08|tGlobal Partnership Program, report to Parliament |w(CaOODSP)9.507038 |
| 776 | 0#|tGlobal Partnership Program, report to Parliament |w(CaOODSP)9.511998 |
| 776 | 0#|tProgramme de partenariat mondial, rapport au Parlement |w(CaOODSP)9.511999 |